000 00544 a2200229 4500
260 _aVilleurbanne
630 _a57 - Biologie
037 _b1, Achat
650 _a5 - SCIENCES EXACTES ET NATURELLES
100 _aLouisot, Pierre
260 _bSimep S.A.
245 _aBiochimie générale et médicale : structurale, métabolique, séméiologique
300 _a1008 p.
650 _aBiochimie
260 _c1983
300 _b28cm
100 _lFr
037 _aS 3196
020 _a2.85334.216.6
999 _c41631
_d41631